选择决定命运 (Record no. 322531)

000 -LEADER
fixed length control field 00360nam a22001457a 4500
020 ## - ISBN
ISBN 9789866928277
082 ## - 索书号 Call Number
分类号Classification number 192.1
作者号 Author number 8660
100 ## - 作者
作者 苏芊盈 编著
245 ## - 书名 TITLE
书名Title 选择决定命运
250 ## - 版本 EDITION STATEMENT
版本叙述 Edition statement 初版;平装
260 ## - 出版项PUBLICATION, DISTRIBUTION, ETC. (IMPRINT)
出版地 Place of publication 台北县中和市
出版社 Name of publisher 曼尼文化事业有限公司
出版日期 Date of publication 2008
300 ## - 稽核项 PHYSICAL DESCRIPTION
页数 Number of Pages 186页
尺寸 Dimensions 21公分
500 ## - 一般附注 GENERAL NOTE
附注 General note
942 ## - ADDED ENTRY ELEMENTS (KOHA)
Koha item type Books
Holdings
Source of classification or shelving scheme Not for loan Permanent Location Current Location Shelving location Date acquired Source of acquisition Cost, normal purchase price Full call number Barcode Cost, replacement price Koha item type
    LIBRARY CHUNG HWA HIGH SCHOOL MUAR LIBRARY CHUNG HWA HIGH SCHOOL MUAR 1 哲学(二楼 A~B) 2026-01-02 28.40 192.1 8660 049960 56.80 Books

Powered by Koha